000 01215nam a2200325Ma 4500
005 20150408080916.0
008 150408s2013 sp fr 010 0 spa d
020 _a9788415664963
020 _a8415664966
035 _a(OCoLC)892208529
040 _aCO-BoUCM
_bspa
_cJose A. Gerena
_dJose A. Gerena
041 0 _aspa
245 0 0 _aEstudios de derecho mercantil
_blibro homenaje al prof. Dr. Dr. h.c. José Antonio Gómez Segade
_ccoordinado por Ana Mª Tobío Rivas
260 _aMadrid (España)
_bMarcial Pons
_c2013
300 _a1269 páginas
600 1 _aGómez Segade, José Antonio
_xHomenajes
_968244
650 7 _aDerecho comercial
_912717
650 7 _aDerecho mercantil
_912793
650 7 _aCompetencia (Derecho)
_911253
650 7 _aPropiedad industrial
_922583
650 7 _aPropiedad intelectual
_922585
650 7 _aContratos
_911818
650 7 _aDerecho marítimo
_912792
690 _942767
_aDerecho comercial
700 1 _aTobío Rivas, Ana María
_ecoordinador
_968245
700 1 _aFernández-Albor Baltar, Ángel
_eeditor
_968246
700 1 _aTato Plaza, Anxo
_eeditor
_968247
942 _2DEWEY
_a8
_cLIBRO
_e1
_h346.07
_mE826m
999 _c298902
_d298902